| 000 | 00444nam a2200157 4500 | ||
|---|---|---|---|
| 001 | 131412 | ||
| 003 | ES-MaACL | ||
| 005 | 20230906193956.0 | ||
| 007 | t| | ||
| 008 | 070214s1971 sp r ||||1| cat d | ||
| 100 | 1 |
_aRoca-Pons, Josep. _998006 |
|
| 245 | 1 | 0 |
_aIntroducció a l'estudi de la llengua catalana / _cJosep Roca-Pons. |
| 260 |
_aBarcelona : _bVergara, _c1971. |
||
| 300 |
_a384 p. ; _c18 cm. |
||
| 852 |
_aES-MaACL _jC-49709 _bR.80395 |
||
| 999 |
_c131412 _d131412 |
||